00549nam a2200169Ia 4500008004100000100002900041245005300070245002900123260005900152260000900211300000800220650001800228650001500246856002600261999001900287952007300306170221s9999 xx 000 0 und d aWeiwu Zhang Alan Abitbol 4aThe Role of Public Relations in Social Capital  cWeiwu Zhang Alan Abitbol bOnline Journal of Communication and Media Technologies c2014 a4 : xCommunication xMedia Arts uhttp://www.ojcmt.net/ c308809d308809 001040aCLbCLd2017-02-21l0r2017-02-21 00:00:00w2017-02-21yFOJ